00800nam a2200205Ia 450000500170000000800410001702000220005804000190008004100120009908200150011124502130012626000250033930000150036450400410037970000270042085000100044794200070045799900160046495201140048020230410144830.0131103s9999 xx 000 0 und d a8185586004cRs.65 aLoreto College aEnglish a823.8bBHA aKatha prize storiesb the best short fiction published during 1987 - 1990 in ten Indian languages, chosen by a panel of distinguised writers and scholars cedited by Rimli Bhattacharya [and] Gita Dharmaranjan aCalcuttabRupac1991 a183 p.[9]  aIncludes bibliographical references  aBhattacharya,Rimli,ed. aLCLIB cBK c4567d55046 00102ddc4070aMAINbMAINd2013-11-04l1o823.08 BHA 40041pB4435r2018-07-30s2018-07-30w2013-11-04yBKf